000 01513nam a2200397 a 4500
001 ebr10297531
003 CaPaEBR
006 m u
007 cr cn|||||||||
008 861007r19871955enkab sb 001 0 eng d
010 _z 84017152
020 _z0470206187 (Wiley)
020 _z063206398X
020 _z9780632063987
020 _z9780470698426
040 _aCaPaEBR
_cCaPaEBR
035 _a(OCoLC)608624149
050 1 4 _aSB267
_b.W66 1987eb
082 0 4 _a633.7/4
_219
100 1 _aWood, G. A. R.
_q(George Alan Roskruge),
_d1920-
245 1 0 _aCocoa
_h[electronic resource] /
_cG.A.R. Wood and R.A. Lass.
250 _a4th ed., Repr. with corrections.
260 _aLondon ;
_aNew York :
_bLongman Scientific & Technical ;
_aNew York :
_bWiley,
_c1987, c1985.
300 _axvii, 620 p. :
_bill., maps.
490 1 _aTropical agriculture series
500 _aReprint. Originally published: London : Cadbury Schweppes, 1955.
504 _aIncludes bibliographical references and index.
533 _aElectronic reproduction.
_bPalo Alto, Calif. :
_cebrary,
_d2013.
_nAvailable via World Wide Web.
_nAccess may be limited to ebrary affiliated libraries.
650 0 _aCacao.
650 0 _aCocoa.
655 7 _aElectronic books.
_2local
700 1 _aLass, R. A.,
_d1943-
710 2 _aebrary, Inc.
830 0 _aTropical agriculture series.
856 4 0 _uhttp://site.ebrary.com/lib/rucke/Doc?id=10297531
_zAn electronic book accessible through the World Wide Web; click to view
999 _c64329
_d64329